Catalogue général. (Registro nro. 185177)

Detalles MARC
000 -LEADER
campo de control de longitud fija 00603nam a2200181 i 4500
001 - NÚMERO DE CONTROL
campo de control 185177
003 - IDENTIFICADOR DE NÚMERO DE CONTROL
campo de control ES-MaACL
005 - FECHA Y HORA DE LA ÚLTIMA TRANSACCIÓN
campo de control 20250903084345.0
008 - DATOS DE LONGITUD FIJA--INFORMACIÓN GENERAL
campo de control de longitud fija 160404s1912 fr |||| | fre d
110 2# - ENTRADA PRINCIPAL--NOMBRE DE ENTIDAD CORPORATIVA
Nombre de entidad corporativa o nombre de jurisdicción como elemento de entrada Imprimerie & Librairie Édouard Privat.
9 (RLIN) 159269
245 10 - MENCIÓN DEL TÍTULO
Título Catalogue général.
260 ## - PUBLICACIÓN, DISTRIBUCIÓN, ETC.
Lugar de publicación, distribución, etc. Toulouse :
Nombre del editor, distribuidor, etc. Édouard Privat,
Fecha de publicación, distribución, etc. 1912.
300 ## - DESCRIPCIÓN FÍSICA
Extensión 34, 24, 79 p. :
Otras características físicas il. ;
Dimensiones 24 cm.
650 #7 - PUNTO DE ACCESO ADICIONAL DE MATERIA--TÉRMINO DE MATERIA
Término de materia o nombre geográfico como elemento de entrada Catálogos de editores-
Subdivisión cronológica S.XX
Fuente del encabezamiento o término
9 (RLIN) 169795
650 #4 - PUNTO DE ACCESO ADICIONAL DE MATERIA--TÉRMINO DE MATERIA
Término de materia o nombre geográfico como elemento de entrada Catálogos de editores-
Subdivisión geográfica Francia
9 (RLIN) 12068
852 ## - LOCALIZACIÓN
Ubicación ES-MaACL
Número de control de estantería T-1397-F-1
Nota libre .- Enc. en un vol. facticio
Existencias
Estatus retirado Estado de pérdida Estado de daño No para préstamo Colección Biblioteca de origen Biblioteca actual Ubicación en estantería Fecha de adquisición Fuente de adquisición Total de préstamos Signatura topográfica completa Código de barras Visto por última vez Precio de reemplazo Tipo de ítem Koha
        Colección de folletos Biblioteca del Ateneo de Madrid Biblioteca del Ateneo de Madrid Depósito folletos 04/04/2016     T-1397-F-1 1195058 23/02/2023 23/02/2023 Folleto